000
00262nam a22001217a 4500
008
171220b xxu||||| |||| 00| 0 eng d
041
_a
eng
080
_a
575
100
_a
9
101
_a
IMU
245
_a
FIRST AID
_c
BHUSHAN,V
942
_2
udc
_c
BK
999
_c
39197
_d
39197